Statistics for Biggest Cities on Islands

Click here to take the quiz!

General Stats

  • This quiz has been taken 116 times
  • The average score is 13 of 20

Answer Stats

HintAnswer% Correct
39.5 millTokyo
99%
28.1 millJakarta
96%
14.4 millLondon
92%
23.3 millManila
91%
17.8 millOsaka
91%
9.05 millTaipei
81%
4.67 millColombo
76%
4.9 millSydney
76%
3.12 millBirmingham
73%
4.4 millMelbourne
73%
6.9 millSingapore
71%
3 millManchester
66%
10.4 millNagoya
64%
7.25 millHong Kong
58%
4.7 millSurabaya
50%
2.9 millBrisbane
48%
2.85 millPort au Prince
42%
3.42 millMedan
33%
2.65 millFukuoka
32%
2.8 millGaoxiong
2%

Score Distribution

Percentile by Number Answered

Percent of People with Each Score

Your Score History

You have not taken this quiz